000 00289nam a22001337a 4500
008 170831b xxu||||| |||| 00| 0 eng d
020 _a2900534620195
041 _aeng
080 _2 4 ED
_a070
100 _a40
101 _aMED
245 _aMEDIA NOW
_cLAROSE.S
942 _2udc
_cBK
999 _c25681
_d25681